000 00808cam a22002653a 4500
001 21157
003 PGUSA
005 20140828083441.0
008 070424s2007||||xxu|||||s|||||000 1 eng d
040 _aPGUSA
_beng
042 _adc
050 4 _aPR
100 1 _aBenson, E. F.
_q(Edward Frederic),
_d1867-1940
245 1 0 _aQueen Lucia
_h[electronic resource] /
_cE. F. Benson
260 _bProject Gutenberg,
_c2007
506 _aPublic domain in the USA.
516 _aElectronic text
653 _aWomen -- England -- Fiction
653 _aEngland -- Social life and customs -- 20th century -- Fiction
653 _aHumorous stories
653 _aLucia (Fictitious character) -- Fiction
830 0 _aProject Gutenberg
_v21157
856 4 0 _uhttp://www.gutenberg.org/ebooks/21157
942 _cEB
999 _c250412
_d250412